Loading...
| History - Other | 0 | 5 | 0 | 0 | 50 | 77 | 110.20 | 2 | 5 | 0.00 | 0.00 |
| History - World | 0 | 3 | 0 | 1 | 30 | 44 | 92.00 | 1 | 3 | 0.00 | 0.00 |
| Religion | 0 | 3 | 1 | 0 | 25 | 91 | 116.33 | 1 | 3 | 0.00 | 0.00 |
| Literature - World | 0 | 2 | 0 | 0 | 20 | 120 | 120.50 | 0 | 2 | 0.00 | 0.00 |
| Fine Arts - Painting and Sculpture | 0 | 3 | 2 | 0 | 20 | 91 | 97.33 | 2 | 3 | 0.00 | 0.00 |
| Science - Other | 0 | 2 | 0 | 0 | 20 | 67 | 70.00 | 2 | 2 | 0.00 | 0.00 |
| Fine Arts - Other | 0 | 2 | 1 | 0 | 15 | 119 | 120.00 | 0 | 2 | 0.00 | 0.00 |
| Literature - European | 0 | 1 | 0 | 1 | 10 | 142 | 142.00 | 1 | 1 | 0.00 | 0.00 |
| Mythology | 0 | 1 | 0 | 0 | 10 | 139 | 139.00 | 0 | 1 | 0.00 | 0.00 |
| Other Academic | 0 | 1 | 0 | 0 | 10 | 136 | 136.00 | 1 | 1 | 0.00 | 0.00 |
| Literature - British | 0 | 1 | 0 | 0 | 10 | 101 | 101.00 | 0 | 1 | 0.00 | 0.00 |
| Science - Biology | 0 | 1 | 1 | 0 | 5 | 94 | 94.00 | 0 | 1 | 0.00 | 0.00 |
| History - European | 0 | 2 | 3 | 0 | 5 | 42 | 63.00 | 1 | 2 | 0.00 | 0.00 |